000 00600nam a2200217 a 4500
001 10108
003 CO-ViMGA
008 141112s2004 ck r 000 u spa d
020 _a9589144411
040 _aCO-ViMGA
_bspa
_cCO-ViMGA
082 0 4 _a338.17373 A71p
100 1 _aArango Londoño ; Gilberto,
_912869
245 1 0 _aPor los Senderos del Cafe
250 _a2
260 _aSantafé de Bogotá :
_bFondo Cultural Cafetero,
_c1994
300 _a326p.
650 1 4 _aCAFE - ASPECTOS ECONOMICOS
_912870
650 1 4 _aCOLOMBIA 1975 - 1993
_912871
650 1 4 _aCOMERCIO
_94345
942 _2ddc
_cBK
999 _c21481
_d21481